Geography Quiz

Random Geography or World Quiz

Don't Click the Errors!: Map of Europe Quiz Stats

 Plays Quiz not verified by Sporcle

Support Sporcle.
Go Orange.
Score 0/28 Timer 05:00
7 Plays Today
% Correct
???
80%
???
77.1%
???
74.2%
???
72.9%
???
71%
???
69.8%
???
68.8%
???
68.8%
???
68.7%
???
65%
???
64.5%
???
62.1%
???
61.4%
???
61.3%
% Correct
???
60%
???
59.9%
???
59.3%
???
56.9%
???
56.4%
???
55.7%
???
53.8%
???
53.6%
???
51.1%
???
48%
???
48%
???
43.3%
???
39.1%
???
38.4%

You're not logged in!

Compare scores with friends on all Sporcle quizzes.
OR
Log In

From the Vault

Mega-Sorting Gallery: Entertainment

by Chenchilla

It makes for a mega-entertaining quiz, trust us.
Remove Ads.
Support Sporcle.
Get the best of Sporcle when you Go Orange. This ad-free experience offers more features, more stats, and more fun while also helping to support Sporcle. Thank you for becoming a member.

Show Comments

Extras

Top Quizzes Today


Score Distribution

Your Account Isn't Verified!

In order to create a playlist on Sporcle, you need to verify the email address you used during registration. Go to your Sporcle Settings to finish the process.

Report this User

Report this user for behavior that violates our Community Guidelines.

Details: